00563nam a2200133Ia 4500008004100000100002400041245014200065260003000207300001800237650001400255856006800269999001900337952007300356160712s9999 xx 000 0 und d aSingzon, Pamela D.  cPamela D. Singzon, Felicitas E. PadoaUsing Story Reading and Explicit Instruction in the Vocabulary Acquisition of Kindergarten Children c2011bEducation Quarterly avol. 69 no. 1 xEDUCATION uhttp://journals.upd.edu.ph/index.php/edq/article/view/2902/2677 c297544d297544 001040aCLbCLd2016-07-12l0r2016-07-12 00:00:00w2016-07-12yFEJ